Normal view
MARC view
- Escuelas
Entry Materia
001 - NÚMERO DE CONTROL DEL REGISTRO
- campo de control: 21778
003 - IDENTIFICADOR DE NUMERO DE CONTROL
- campo de control: MX-MxUPN
005 - FECHA Y HORA DE LA ÚLTIMA TRANSACCIÓN
- campo de control: 20240425140313.0
008 - DATOS DE LONGITUD FIJA
- campo de control de longitud fija: 240425nn fnnnnbaba b ana |d
035 ## - NÚMERO DE CONTROL DEL SISTEMA
- Número de control del sistema: UPN10000021787
040 ## - FUENTE DE LA CATALOGACIÓN
- Lengua de catalogación: spa
- Centro catalogador de origen: MX-MxUPN
150 ## - ENCABEZAMIENTO - TEMÁTICO
- Término de materia o nombre geográfico como elemento inicial: Escuelas
- Subdivisión de materia general: Muebles, equipo, etc.
670 ## - FUENTE EN LA QUE SE LOCALIZARON DATOS
- Cita de la fuente: Rovira, C. y Aguayo, J. Lista de encabezamientos de materia para bibliotecas, 1967 :
- Información localizada: página 316 (Escuelas -- Muebles, equipo, etc.)
902 ## - CATALOGADOR
- Catalogador: PNO/150896
- Catalogador: VíctorGodínez/250424
